Culture Générale - Série 991 - Statistiques

Statistiques générales
  • Ce quiz a été pris 125 fois
  • Le résultat moyen est 8 sur 10
Statistiques - réponses
Question Réponse % Correct
De quelle sorte de rue très large les lettres "bd" sont-elles l'abréviation ? boulevard
99%
Quelle anagramme du mot "orge" désigne un géant des contes de fées qui se nourrit de chair humaine ? ogre
96%
Comme son nom l'indique, quel est l'ingrédient indispensable à la préparation d'un "risotto" ? riz
96%
Quel est le symbole chimique de l'or ? Au
88%
Quel mot rimant avec sagouin, désigne le museau d'un porc ? groin
88%
Qu'est-ce qui rime avec "canular", mais surtout avec "canard", et désigne familièrement un mensonge ? bobard
74%
Quelle matière grasse, composé de débris cellulaires, est sécrétée par les glandes sébacées de la peau ? sébum
73%
À quel écrivain doit-on les “Lettres de mon moulin” ? Alphonse Daudet
71%
Dans quelle ville est né Jean Gabin ? Paris
57%
Dans le film "Out of Africa", quelle actrice tombe amoureuse de Robert Redford ? Meryl Streep
51%
Aucun quiz correspondant
Distribution des résultats
% des personnes avec chaque résultat
Percentile par nombre de réponses
Votre historique - résultats
Vous n’avez pas pris ce quiz